000 00268nam a2200109Ia 4500
008 190914s9999||||xx |||||||||||||| ||und||
100 _aLuger, Stubblefield
245 0 _aArtificial Intelligence
260 _aNew Delhi
_bBantam Books
_c1986
300 _a308
942 _cBK
999 _c9107
_d9107